[Event "ch-TUR 2012"]
[Site "Kemer TUR"]
[Date "2012.02.03"]
[Round "8"]
[White "Ersahin,B"]
[Black "Can,E"]
[Result "0-1"]
[WhiteElo "2167"]
[BlackElo "2462"]

1.d4 Nf6 2.c4 g6 3.Nc3 Bg7 4.e4 d6 5.Nf3 O-O 6.Be2 e5 7.O-O Nbd7 8.Re1 Re8
9.Bf1 a6 10.d5 a5 11.Rb1 Nc5 12.b3 Bd7 13.Nd2 Ng4 14.h3 Nh6 15.a3 f5 16.b4 axb4
17.axb4 Na4 18.Qb3 Nxc3 19.Qxc3 f4 20.c5 g5 21.Nc4 g4 22.cxd6 gxh3 23.dxc7 Qxc7
24.Bb2 hxg2 25.Bxg2 Rac8 26.Rbc1 Qd8 27.Qb3 Qh4 28.Nd6 Rxc1 29.Rxc1 Ng4 30.Qf3 Qh2+
31.Kf1 Qh6 32.Nxe8 Nh2+ 33.Ke2 Nxf3 34.Nxg7 Nd4+  0-1

[Event "Moscow Open F 2012"]
[Site "Moscow RUS"]
[Date "2012.02.04"]
[Round "8.11"]
[White "Mulyukov,Artur"]
[Black "Yarullina,A"]
[Result "1/2-1/2"]
[WhiteElo "2059"]
[BlackElo "2109"]

1.d4 Nf6 2.c4 g6 3.Nc3 Bg7 4.Nf3 d6 5.e4 O-O 6.Be2 e5 7.dxe5 dxe5 8.Qxd8 Rxd8
9.Bg5 Re8 10.Nd5 Nxd5 11.cxd5 Bd7 12.O-O c6 13.Nd2 Na6 14.Bxa6 bxa6 15.d6 f6
16.Be3 Bf8 17.Nc4 Be6 18.Rac1 Red8 19.Rfd1 Bxc4 20.Rxc4 Bxd6 21.Rxc6 Ba3
22.Rd5 Bxb2 23.Rxa6 Rxd5 24.exd5 Rd8 25.d6 Bd4 26.Kf1 Rd7 27.Bxd4 exd4 28.Ke2 Kf7
29.Kd3 Ke6 30.g3 h6 31.f4 g5 32.fxg5 fxg5 33.Kxd4 Rxd6+ 34.Rxd6+ Kxd6 35.g4 a6
36.a3 Kc6 37.Kc4 Kd6 38.a4 Kc6 39.Kb4 Kb6 40.Kc4 Kc6 41.Kd4 Kb6 42.Kc4  1/2-1/2

[Event "Moscow Open Women 2012"]
[Site "Moscow RUS"]
[Date "2012.02.04"]
[Round "8.13"]
[White "Ivakhinova,I"]
[Black "Bivol,A"]
[Result "1/2-1/2"]
[WhiteElo "2291"]
[BlackElo "2148"]

1.d4 Nf6 2.c4 g6 3.Nc3 Bg7 4.e4 O-O 5.Nf3 d6 6.Be3 e5 7.Be2 exd4 8.Nxd4 Re8
9.f3 c6 10.Bf2 d5 11.exd5 cxd5 12.O-O Nc6 13.c5 Nh5 14.Qd2 Be5 15.g3 Ng7
16.Rfd1 Be6 17.Ncb5 a6 18.f4 axb5 19.fxe5 Nxe5 20.Bxb5 Nf5 21.Kg2 Nxd4 22.Bxd4 Bd7
23.Bxd7 Qxd7 24.Bc3 Qg4 25.Qd4 Qe2+ 26.Kh1 Qe4+ 27.Qxe4 dxe4 28.Bxe5 Rxe5
29.b4 Re7 30.Kg2 e3 31.a3 e2 32.Re1 Re3 33.Kf2 Raxa3 34.Rxa3 Rxa3 35.Rxe2 Rb3
36.Re8+ Kg7 37.Rb8 Rxb4 38.c6 Rc4 39.cxb7 Rb4 40.g4 h6 41.Ke3 Kf6 42.h4 h5  1/2-1/2

[Event "ch-TUR 2012"]
[Site "Kemer TUR"]
[Date "2012.02.05"]
[Round "10"]
[White "Kilic,Efe Mert"]
[Black "Ekici,Kaan Muhammed"]
[Result "1/2-1/2"]
[WhiteElo "1616"]
[BlackElo "1858"]

1.d4 Nf6 2.c4 g6 3.Nc3 Bg7 4.e4 d6 5.Nf3 O-O 6.Be2 e5 7.dxe5 dxe5 8.Qxd8 Rxd8
9.Bg5 Re8 10.O-O-O c6 11.Rd6 Be6 12.Nxe5 Nxe4 13.Nxe4 Bxe5 14.Rhd1 Bxd6 15.Nxd6 Nd7
16.Nxe8 Rxe8 17.Be3 Ne5 18.b3 Ng4 19.Bxg4 Bxg4 20.Rd6 h5 21.Kd2 Kg7 22.a4 a6
23.g3 Kh7 24.Kc3 Kg7 25.Kb4 Bf5 26.Rd2 Kf6 27.Kc5 Be6 28.Kb6 Bc8 29.Kc7 Ke5
30.Bg5 Kf5 31.Rd8 Re2 32.Be3 Be6 33.Kxb7 Rb2 34.Kxc6 Rxb3 35.c5 Ra3 36.Rd4 Bb3
37.Kb6 Rxa4 38.Rxa4 Bxa4 39.Kxa6 Ke6 40.Kb6 Kd7 41.Ka5 Bc6 42.Kb4 Ke6 43.Kc4 Ke5
44.Kd3 Bb5+  1/2-1/2

[Event "Moscow Open F 2012"]
[Site "Moscow RUS"]
[Date "2012.02.05"]
[Round "9.6"]
[White "Gorozhankina,J"]
[Black "Biryukov,D"]
[Result "1/2-1/2"]
[WhiteElo "2129"]
[BlackElo "2332"]

1.d4 d6 2.c4 g6 3.Nc3 Bg7 4.e4 Nf6 5.Nf3 O-O 6.Be2 e5 7.O-O Na6 8.d5 Nc5
9.Qc2 a5 10.Ne1 Ne8 11.f3 f5 12.Be3 f4 13.Bf2 g5 14.a3 Rf6 15.Bxc5 dxc5 16.Nd3 Qe7
17.b4 axb4 18.axb4 Rxa1 19.Rxa1 cxb4 20.Ra8 Bd7 21.d6 Qxd6 22.Nd5 c5 23.Nxf6+ Bxf6
24.Nf2 Kf7 25.Qd3 Bc6 26.Qxd6 Nxd6 27.Nd3 Nxc4 28.Nxc5 b5 29.Rc8 Be8 30.Nb3 Na3
31.Kf2 Be7 32.Nd2 Bd7 33.Rc7 Ke6 34.Bd1 Kd6 35.Rc1 Bd8 36.Bb3 Bb6+ 37.Ke1 Bd4
38.Nb1 g4 39.Nd2 h5 40.Ke2 Be3 41.Rd1 Ke7 42.Nf1 Bd4 43.Nd2 h4 44.Kf1 g3
45.h3 Be3 46.Ke2 Bxh3 47.gxh3 g2 48.Kd3 g1=Q 49.Rxg1 Bxg1 50.Bd5 Kd6 51.Bf7 Bf2
52.Be8 Kc5 53.Nb3+ Kb6 54.Bf7 Be3 55.Na1 Nb1 56.Nc2 Bc5 57.Ne1 Nc3 58.Be6 Na4
59.Kc2 Bd6 60.Nd3 Nc3 61.Nc1 Na4 62.Nd3 Kc6 63.Kb3 Nc3 64.Kc2 Ne2 65.Bg4 Nd4+
66.Kb2 Kb6 67.Nc1 Nc6 68.Nb3 Bc5 69.Kc2 Be3 70.Be6 Kc7 71.Bf7 Ne7 72.Kd3 Nc8
73.Be6 Nb6 74.Bg8 Na4 75.Be6 Nc3 76.Bf5 Kd6 77.Bg6 Bb6 78.Kd2 Ke7 79.Bf5 Na4
80.Kc2 Bc7  1/2-1/2

[Event "Moscow Open 2012 A"]
[Site "Moscow RUS"]
[Date "2012.02.05"]
[Round "9.34"]
[White "Bukavshin,I"]
[Black "Ozolin,M"]
[Result "0-1"]
[WhiteElo "2517"]
[BlackElo "2375"]

1.d4 Nf6 2.Nf3 g6 3.c4 Bg7 4.Nc3 O-O 5.e4 d6 6.Be2 e5 7.Be3 Ng4 8.Bg5 f6
9.Bh4 g5 10.Bg3 Nh6 11.dxe5 dxe5 12.Qd5+ Kh8 13.O-O-O Qe7 14.Qd3 c6 15.Na4 b6
16.h4 g4 17.Nh2 f5 18.exf5 Bxf5 19.Qe3 Na6 20.a3 b5 21.cxb5 cxb5 22.Bxb5 Rac8+
23.Nc3 Nc5 24.Kd2 Qb7 25.Ke1 Bc2 26.Rd5 Nf5 27.Qe2 Nd4 28.Qf1 Be4 29.Rxe5 Bxg2
30.Qc4 Nxb5 31.Nxb5 Ne4  0-1

[Event "Moscow Open Women 2012"]
[Site "Moscow RUS"]
[Date "2012.02.05"]
[Round "9.7"]
[White "Mirzoeva,E"]
[Black "Savina,A"]
[Result "1-0"]
[WhiteElo "2214"]
[BlackElo "2337"]

1.d4 Nf6 2.c4 g6 3.Nc3 Bg7 4.e4 d6 5.Nf3 O-O 6.Be2 Nbd7 7.O-O e5 8.Be3 Re8
9.d5 Nh5 10.g3 Bf8 11.Ne1 Ng7 12.Nd3 f5 13.f3 Be7 14.Bf2 Rf8 15.b4 Nf6 16.c5 fxe4
17.fxe4 Bh3 18.Re1 h5 19.Be3 Ng4 20.Bxg4 Bxg4 21.Qd2 h4 22.Rf1 Qd7 23.c6 bxc6
24.dxc6 Qxc6 25.Nd5 Kh7 26.Nxe7 Qxe4 27.Nf2 Qf3 28.Nxg4 Qxg4 29.Qg2 h3 30.Qc2  1-0

[Event "Moscow Open 2012 A"]
[Site "Moscow RUS"]
[Date "2012.02.05"]
[Round "9.80"]
[White "Demianjuk,A"]
[Black "Kerigan,D"]
[Result "1-0"]
[WhiteElo "2313"]
[BlackElo "2184"]

1.d4 Nf6 2.c4 g6 3.Nc3 Bg7 4.e4 d6 5.Nf3 O-O 6.Be2 e5 7.O-O Nbd7 8.Be3 b6
9.Qc2 exd4 10.Nxd4 Bb7 11.Rad1 Re8 12.f3 c6 13.Qd2 Qe7 14.Nc2 d5 15.cxd5 cxd5
16.exd5 Rac8 17.d6 Qe6 18.Rfe1 Ne5 19.Bg5 Nfd7 20.Bb5 Qf5 21.Nd4 Nxf3+ 22.Nxf3 Bxc3
23.Bxd7 Qc5+ 24.Qf2 Bxe1 25.Qxc5 Rxc5 26.Bxe8 Bxf3 27.d7  1-0

[Event "11th Aeroflot Open B"]
[Site "Moscow RUS"]
[Date "2012.02.07"]
[Round "1"]
[White "Kanter,E"]
[Black "Xu Huahua"]
[Result "1/2-1/2"]
[WhiteElo "2414"]
[BlackElo "2134"]

1.d4 Nf6 2.c4 g6 3.Nc3 Bg7 4.e4 d6 5.Nf3 O-O 6.Be2 e5 7.Be3 Ng4 8.Bg5 f6
9.Bc1 Nc6 10.d5 Nd4 11.Nxd4 exd4 12.Nb5 f5 13.O-O Ne5 14.Nxd4 fxe4 15.Ne6 Bxe6
16.dxe6 Qh4 17.e7 Qxe7 18.Qd5+ Nf7 19.Qxb7 Rab8 20.Qxa7 Bxb2 21.Bxb2 Rxb2
22.Rfe1 Ne5 23.Rab1 Nf3+ 24.Bxf3 exf3 25.gxf3 Rxb1 26.Rxb1 Qg5+ 27.Kf1 Qf5
28.Rb8 Qd3+ 29.Ke1 Qc3+ 30.Kf1 Qd3+ 31.Ke1 Qc3+ 32.Kf1 Qd3+  1/2-1/2

[Event "11th Aeroflot Open B"]
[Site "Moscow RUS"]
[Date "2012.02.07"]
[Round "1"]
[White "Goryachkina,A"]
[Black "Petrosian,DG"]
[Result "1-0"]
[WhiteElo "2333"]
[BlackElo "2476"]

1.d4 Nf6 2.c4 g6 3.Nc3 Bg7 4.e4 O-O 5.Nf3 d6 6.Be2 e5 7.Be3 Ng4 8.Bg5 f6
9.Bh4 g5 10.Bg3 Nh6 11.h3 Nc6 12.d5 Nd4 13.Nxd4 exd4 14.Qxd4 f5 15.Qd2 f4
16.Bh2 Nf7 17.h4 h6 18.hxg5 hxg5 19.f3 c5 20.dxc6 bxc6 21.g3 fxg3 22.Bxg3 Rb8
23.O-O-O Qa5 24.Rh5 Rb4 25.f4 Bf5 26.exf5 Rfb8 27.Be1 Rxb2 28.Qxb2 Rxb2 29.Kxb2 gxf4
30.Bd2 Ne5 31.Rg5 Kf8 32.Rdg1 Bf6 33.Rg8+ Kf7 34.Bh5+ Ng6  1-0

[Event "11th Aeroflot Open B"]
[Site "Moscow RUS"]
[Date "2012.02.07"]
[Round "1"]
[White "Tunik,G"]
[Black "Shimanov,A"]
[Result "1-0"]
[WhiteElo "2406"]
[BlackElo "2549"]

1.d4 Nf6 2.c4 g6 3.Nc3 Bg7 4.e4 O-O 5.Nf3 d6 6.Be2 e5 7.Be3 Ng4 8.Bg5 f6
9.Bh4 Nc6 10.d5 Ne7 11.Nd2 Nh6 12.f3 c5 13.Rb1 g5 14.Bf2 f5 15.b4 b6 16.bxc5 bxc5
17.O-O g4 18.fxg4 Nxg4 19.Bxg4 fxg4 20.Be3 Ng6 21.Qa4 Bd7 22.Qa6 Qh4 23.Qxd6 g3
24.h3 Bh6 25.Bxh6 Qxh6 26.Rxf8+ Rxf8 27.Nf1 Bxh3 28.Rb8 Rxb8 29.Qxb8+ Kg7
30.Qxa7+ Kg8 31.Qb8+ Kf7 32.Qc7+ Kg8 33.Qd8+ Kf7 34.Ne2 Nf4 35.Qc7+ Kg8 36.Nxf4 Qxf4
37.Qxc5 Bxg2 38.Kxg2 Qxe4+ 39.Kxg3 Qf4+ 40.Kg2 Qe4+ 41.Kf2 Qc2+ 42.Ke1  1-0

[Event "11th Aeroflot Open B"]
[Site "Moscow RUS"]
[Date "2012.02.08"]
[Round "2"]
[White "Grishchenko,S1"]
[Black "Nitin,S"]
[Result "1-0"]
[WhiteElo "2489"]
[BlackElo "2399"]

1.d4 Nf6 2.c4 g6 3.Nc3 Bg7 4.e4 d6 5.Be2 O-O 6.Nf3 e5 7.d5 Na6 8.Bg5 Qe8
9.Nd2 h6 10.Be3 Nh7 11.g4 Nc5 12.b4 Na6 13.a3 f5 14.gxf5 gxf5 15.exf5 Bxf5
16.Rg1 Rf6 17.Nde4 Rg6 18.Kd2 Nf6 19.Ng3 Bh3 20.Nce4 Nxe4+ 21.Nxe4 Kh8 22.Bd3 c6
23.Qf3 Bd7 24.Nxd6 Rxd6 25.Rxg7 Kxg7 26.Rg1+ Kh8 27.Qe4 Bf5 28.Qxf5 Qe7 29.f4 cxd5
30.fxe5 Rdd8 31.e6  1-0

[Event "TCh-FIN SM-Liiga 2011-12"]
[Site "Helsinki FIN"]
[Date "2012.02.11"]
[Round "8.6"]
[White "Partanen,J"]
[Black "Laakso,H"]
[Result "1/2-1/2"]
[WhiteElo "2245"]
[BlackElo "2184"]

1.d4 Nf6 2.c4 g6 3.Nc3 Bg7 4.e4 d6 5.Nf3 O-O 6.Be2 e5 7.d5 a5 8.Bg5 h6 9.Bh4 Na6
10.Nd2 Qe8 11.O-O Bd7 12.b3 Nh7 13.Bg4 Nc5 14.Bxd7 Qxd7 15.f3 f5 16.Qe2 Nf6
17.Bf2 b6 18.a3 fxe4 19.Ncxe4 Nfxe4 20.Nxe4 Nxe4 21.Qxe4 Kh7 22.Be3 h5 23.g4 Bh6
24.g5 Bg7 25.Kg2 Rf5 26.b4 axb4 27.axb4 Ra4 28.Rxa4 Qxa4 29.c5 bxc5 30.bxc5 Qa6
31.c6 Bf8 32.h4 Kg7 33.Rb1 Rf7 34.Rb7 Qe2+ 35.Kg3 Qd1 36.Rb1 Rxf3+ 37.Qxf3 Qxb1
38.Qf6+ Kg8 39.Qe6+ Kh8 40.Qf7 Bg7 41.Qxc7 Qe4 42.Qb6 Qg4+ 43.Kf2 e4 44.c7 Qf3+
45.Kg1 Qg3+ 46.Kf1 Qf3+ 47.Bf2 Qh3+ 48.Kg1  1/2-1/2

[Event "TCh-LTU 2012"]
[Site "Lithuania LTU"]
[Date "2012.02.11"]
[Round "4.4"]
[White "Solys,L"]
[Black "Chocenka,D"]
[Result "1-0"]
[WhiteElo "2335"]
[BlackElo "2284"]

1.d4 Nf6 2.c4 g6 3.Nc3 Bg7 4.e4 d6 5.Nf3 O-O 6.Be2 e5 7.Be3 Ng4 8.Bg5 f6
9.Bh4 g5 10.Bg3 Nc6 11.d5 Ne7 12.Nd2 Nh6 13.O-O Ng6 14.b4 Rf7 15.a4 Bf8 16.Nb3 g4
17.c5 Be7 18.a5 Rg7 19.c6 bxc6 20.dxc6 Be6 21.Nd5 Qc8 22.Bc4 Nf7 23.f3 gxf3
24.Qxf3 Ng5 25.Qe2 Kh8 26.b5 f5 27.exf5 Bxf5 28.b6 axb6 29.axb6 Rxa1 30.Nxa1 cxb6
31.c7 Bd7 32.Ba6 Qa8 33.Qc4 Nf4 34.Bxf4 Nh3+ 35.Kh1 Nxf4 36.Nxf4 exf4 37.c8=Q+ Bxc8
38.Qxc8+ Qxc8 39.Bxc8 Bf6 40.Nb3 Be5 41.Be6 Ra7 42.Kg1 Kg7 43.Rd1 Kf6 44.Bd5 b5
45.Kf2 Ra2+ 46.Rd2 Ra3 47.Rd3 Ra2+ 48.Kf3 Rc2 49.Nd4 Rb2 50.Ne2 Kg5 51.Rb3 Rxb3+
52.Bxb3 b4 53.Nc1 Bc3 54.Nd3 Bd2 55.Nf2 Be3 56.Ne4+ Kh4 57.Nxd6 Bg1 58.h3 Kg5
59.Ke4 h6 60.Nf7+  1-0

[Event "11th Aeroflot Open B"]
[Site "Moscow RUS"]
[Date "2012.02.11"]
[Round "5"]
[White "Goriatchkin,J"]
[Black "Wang Jue"]
[Result "0-1"]
[WhiteElo "2311"]
[BlackElo "2388"]

1.d4 g6 2.c4 d6 3.Nf3 Bg7 4.e4 Nf6 5.Nc3 O-O 6.Be2 e5 7.Be3 Ng4 8.Bg5 f6
9.Bh4 Nc6 10.d5 Ne7 11.Nd2 f5 12.Bxg4 fxg4 13.Bg5 h6 14.Be3 c5 15.a3 g5 16.b4 b6
17.O-O Ng6 18.Rb1 Nf4 19.bxc5 bxc5 20.Qa4 h5 21.Qc6 Bd7 22.Qa6 Bc8 23.Qc6 Bd7
24.Qa6 Rf6 25.Nb3 h4 26.Na5 Qf8 27.Nc6 Rf7 28.Qb7 Re8 29.Nxa7 Nxg2 30.Kxg2 Bc8
31.Qb2 Rxa7 32.f3 gxf3+ 33.Rxf3 Rf7 34.Rf2 Rxf2+ 35.Qxf2 Qe7 36.Rf1 Rf8 37.Qe2 Rf4
38.Bxf4 exf4 39.e5 Bxe5 40.h3 Qg7 41.Ne4 g4 42.hxg4 Bxg4 43.Qe1 h3+ 44.Kh2 Bf3
45.Rg1 Bg2 46.Qh4 f3+ 47.Ng3 Kf7 48.Qh5+ Ke7 49.Qh4+ Kd7 50.Rb1 Qxg3+ 51.Qxg3 f2  0-1

[Event "TCh-FIN SM-Liiga 2011-12"]
[Site "Oulu FIN"]
[Date "2012.02.12"]
[Round "9.6"]
[White "Kilpi,T"]
[Black "Paakkonen,T"]
[Result "1/2-1/2"]
[WhiteElo "2135"]
[BlackElo "2277"]

1.d4 Nf6 2.c4 g6 3.Nc3 Bg7 4.e4 d6 5.Nf3 O-O 6.Be2 e5 7.Be3 Ng4 8.Bg5 f6
9.Bh4 Nc6 10.d5 Ne7 11.Nd2 h5 12.h3 Nh6 13.g4  1/2-1/2

[Event "11th Aeroflot Open B"]
[Site "Moscow RUS"]
[Date "2012.02.14"]
[Round "8"]
[White "Shimanov,A"]
[Black "Can,E"]
[Result "1/2-1/2"]
[WhiteElo "2549"]
[BlackElo "2462"]

1.d4 g6 2.c4 Nf6 3.Nc3 Bg7 4.e4 d6 5.Nf3 O-O 6.Be2 e5 7.Be3 Nbd7 8.O-O Re8
9.d5 Nh5 10.g3 Bf8 11.Ne1 Ng7 12.Nd3 f5 13.f3 Be7 14.Qd2 Nf6 15.Rac1 fxe4
16.fxe4 Bh3 17.Rfe1 Ng4 18.Nf2 Nxf2 19.Kxf2 Nh5 20.Bf1 Qd7 21.Kg1 a6 22.Bxh3 Qxh3
23.Qg2 Qg4 24.Qe2 Qh3 25.Nd1 b6 26.Nf2 Qd7 27.Bd2 a5 28.Rc3 Rf8 29.Rf1 Rf7
30.Qg4 Nf6 31.Qe2 Nh5 32.Qg4 Nf6 33.Qe6 h5 34.Nh3 Qxe6 35.dxe6 Rg7 36.Ng5 Nh7
37.h4 Nf8 38.Rcf3 Bxg5 39.Bxg5 Nxe6 40.Rf6 Nc5 41.Bh6 Rd7 42.g4 hxg4 43.Bf8  1/2-1/2

[Event "11th Aeroflot Open B"]
[Site "Moscow RUS"]
[Date "2012.02.14"]
[Round "8"]
[White "Tonoian,A"]
[Black "Kerigan,D"]
[Result "0-1"]
[WhiteElo "2374"]
[BlackElo "2184"]

1.d4 Nf6 2.c4 g6 3.Nc3 Bg7 4.e4 d6 5.Be2 O-O 6.Nf3 e5 7.O-O Nbd7 8.Re1 b6
9.Rb1 exd4 10.Nxd4 Bb7 11.f3 a6 12.Bg5 c6 13.Nc2 Qc7 14.Qd2 Rad8 15.Rbd1 Nc5
16.Bf1 Ne6 17.Bh4 Rd7 18.Ne3 b5 19.a3 Nh5 20.Kh1 Nd4 21.Nc2 Nxc2 22.Qxc2 Be5
23.Bg5 bxc4 24.g4 Ng7 25.Bxc4 d5 26.Bf1 f5 27.gxf5 gxf5 28.exd5 cxd5 29.Qf2 d4
30.Ne2 f4 31.Bh3 Nf5 32.Rg1 Rg7 33.Rd3 Qc2  0-1

[Event "11th Aeroflot Open B"]
[Site "Moscow RUS"]
[Date "2012.02.15"]
[Round "9"]
[White "Kanter,E"]
[Black "Byambaa,Z"]
[Result "1/2-1/2"]
[WhiteElo "2414"]
[BlackElo "2279"]

1.d4 Nf6 2.c4 g6 3.Nc3 Bg7 4.e4 d6 5.Nf3 O-O 6.Be2 e5 7.Be3 Ng4 8.Bg5 f6
9.Bc1 f5 10.exf5 Bxf5 11.h3 Nf6 12.dxe5 dxe5 13.Be3 Nc6 14.O-O Qe7 15.Qb3 Na5
16.Qb5 b6 17.Rad1 c5 18.Bg5 Qe8 19.Qxe8 Raxe8 20.g4 Bc8 21.Nb5 Ne4 22.Be3 Re7
23.Ng5 Nf6 24.Nd6 Ba6 25.b3 e4 26.h4 Nc6 27.Nh3 Ne5 28.g5 Nfg4 29.Nf4 Nf3+
30.Bxf3 exf3 31.Nd5 Rd7 32.Bf4 Bd4 33.Bg3 Rfd8 34.Ne4 Rxd5 35.cxd5 Bxf1 36.Kxf1 Rxd5
37.Rd3 Rf5 38.Nd2 Be5 39.Rxf3 Rxf3 40.Nxf3 Bxg3 41.fxg3 Kf7 42.Ke2 Ke6 43.Ne1 Ne5
44.Ng2 Nc6 45.Ne3 Nd4+ 46.Kf2 b5 47.Ng4 a5 48.Nf6 h5 49.Ke3 Nf5+ 50.Kf4 c4
51.bxc4 bxc4 52.g4 hxg4 53.Kxg4 c3 54.Ne4 c2 55.Nc5+ Kd5 56.Nb3 a4 57.Nc1 Ke4
58.h5 Ne3+ 59.Kh4 gxh5 60.g6 Nf5+ 61.Kxh5 Ke3 62.a3 Kf4 63.Nd3+ Ke4 64.Nc1 Kf4
65.Nd3+ Ke4 66.Nc1 Ke5 67.Kg4 Kf6 68.g7 Nxg7 69.Kf4 Nf5 70.Ke4 Nd6+ 71.Kd3 Nb5
72.Kxc2 Nxa3+  1/2-1/2

[Event "e2e4 Brighton Masters"]
[Site "Brighton ENG"]
[Date "2012.02.17"]
[Round "4"]
[White "Vuilleumier,A"]
[Black "Bigg,A"]
[Result "0-1"]
[WhiteElo "2359"]
[BlackElo "2304"]

1.Nf3 Nf6 2.d4 g6 3.c4 Bg7 4.Nc3 d6 5.e4 O-O 6.Be2 Nbd7 7.O-O e5 8.Re1 exd4
9.Nxd4 Re8 10.Bf1 Nc5 11.f3 a5 12.Kh1 c6 13.Bf4 Nh5 14.Be3 Qh4 15.Nde2 Be5
16.f4 Bxc3 17.Nxc3 Ng3+ 18.Kg1 Nxf1 19.Kxf1 Nxe4 20.Nxe4 Rxe4 21.Qxd6 Be6
22.b3 Qxh2 23.Rad1 Re8 24.Qd2 Bg4 25.Rc1 h5 26.Bf2 Qh1+ 27.Bg1 Re2  0-1

[Event "ch-Central Serbia w 2012"]
[Site "Pozarevac SRB"]
[Date "2012.02.17"]
[Round "8.2"]
[White "Panic,A"]
[Black "Rakic,Te"]
[Result "1/2-1/2"]
[WhiteElo "1928"]
[BlackElo "1805"]

1.d4 Nf6 2.c4 g6 3.Nc3 Bg7 4.e4 d6 5.Nf3 O-O 6.Be2 Nbd7 7.O-O e5 8.d5 Nc5
9.Qc2 a5 10.h3 Ne8 11.Re1 f5 12.Bg5 Nf6 13.Nd2 h6 14.Bxf6 Qxf6 15.Bf1 f4
16.Nb3 b6 17.Nxc5 bxc5 18.b3 h5 19.f3 g5 20.Kf2 g4 21.hxg4 Qh4+ 22.Ke2 hxg4
23.Kd3 Bd7 24.Qd2 g3 25.Kc2 a4 26.bxa4 Bxa4+ 27.Nxa4 Rxa4 28.a3 Rfa8 29.Qc3 Qh2
30.Reb1 R4a7 31.Rb3 Qg1 32.Qd2 Qd4 33.Qxd4 exd4 34.Bd3 Kf7 35.Kb2  1/2-1/2

[Event "3rd Jerry Hanken FIDE Open"]
[Site "Stillwater USA"]
[Date "2012.02.19"]
[Round "5.13"]
[White "Nickels,Erik J"]
[Black "Vaughn,Herbert Rodney"]
[Result "1-0"]
[WhiteElo "1775"]
[BlackElo "1916"]

1.d4 Nf6 2.c4 d6 3.Nf3 g6 4.Nc3 Bg7 5.e4 Nbd7 6.Be2 e5 7.O-O O-O 8.Be3 Ng4
9.Bg5 f6 10.Bd2 f5 11.exf5 Rxf5 12.Ng5 exd4 13.Bxg4 dxc3 14.Bxf5 cxd2 15.Be6+ Kf8
16.Qxd2 Bh6 17.Qf4+ Qf6 18.Nxh7+ Kg7 19.Qxh6+ Kxh6 20.Nxf6 Nxf6 21.Bxc8 Rxc8
22.Rae1  1-0

[Event "Caissa GM Feb 2012"]
[Site "Kecskemet HUN"]
[Date "2012.02.22"]
[Round "5.3"]
[White "Kislik,E"]
[Black "Galyas,M"]
[Result "1-0"]
[WhiteElo "2380"]
[BlackElo "2467"]

1.d4 Nf6 2.c4 g6 3.Nc3 Bg7 4.e4 d6 5.Nf3 O-O 6.Be2 e5 7.O-O Nh5 8.g3 Bh3
9.Re1 exd4 10.Nxd4 Nf6 11.Be3 Re8 12.f3 Nbd7 13.Qd2 Ne5 14.Nd1 a6 15.Nf2 Bd7
16.a4 c6 17.b3 d5 18.exd5 cxd5 19.c5 Qe7 20.Rac1 Nc4 21.Bxc4 dxc4 22.Rxc4 Nd5
23.Nd1 Nxe3 24.Nxe3 Rad8 25.Nec2 Qf6 26.Rxe8+ Rxe8 27.Kf2 h5 28.h4 Re5 29.Qb4 Be6
30.c6 bxc6 31.Rxc6 a5 32.Qb6 g5 33.hxg5 Qxg5 34.f4 Qf6 35.Qb8+  1-0

[Event "16th Metropolitan IM"]
[Site "Los Angeles USA"]
[Date "2012.02.22"]
[Round "1"]
[White "Kavutskiy,K"]
[Black "Matikozian,A"]
[Result "1/2-1/2"]
[WhiteElo "2315"]
[BlackElo "2414"]

1.d4 Nf6 2.c4 g6 3.Nc3 Bg7 4.e4 d6 5.Nf3 O-O 6.Be2 e5 7.O-O Na6 8.Re1 Qe8
9.Bf1 Bg4 10.d5 Nb4 11.Be2 a5 12.Be3 Nh5 13.h3 Bd7 14.c5 Nf4 15.Bf1 Na6 16.cxd6 cxd6
17.Qb3 Qe7 18.Na4 b5 19.Bxb5 Rfb8 20.Nb6 Bxb5 21.Qxb5 Nc5 22.Bxc5 dxc5 23.Qd7 Qxd7
24.Nxd7 Rxb2 25.Nxc5 Rc8 26.Nd7 Rcc2 27.Rab1 Rxf2 28.Rxb2 Rxb2 29.Ndxe5 Rxg2+
30.Kf1 Rxa2 31.Rc1 Bxe5 32.Nxe5 a4 33.Rc8+ Kg7 34.Rc7 Ra1+  1/2-1/2

[Event "10th Nancy Masters B 2012"]
[Site "Nancy FRA"]
[Date "2012.02.24"]
[Round "7"]
[White "Ravot,S"]
[Black "Dubessay,B"]
[Result "0-1"]
[WhiteElo "2279"]
[BlackElo "2360"]

1.d4 Nf6 2.c4 g6 3.Nc3 Bg7 4.e4 d6 5.Nf3 O-O 6.Be2 e5 7.d5 a5 8.Bg5 h6 9.Bh4 Na6
10.Nd2 Bd7 11.b3 Qe8 12.a3 Nh7 13.f3 Rb8 14.Bf2 c5 15.Nb5 Qe7 16.Qc2 f5 17.h3 h5
18.Qc3 b6 19.Be3 f4 20.Bf2 g5 21.O-O-O Rf6 22.Rdg1 Rg6 23.Qd3 Kf7 24.Nf1 Nf6
25.Qd1 Rg8 26.Nd2 Bf8 27.Kb2 Qe8 28.Nb1 Be7 29.N1c3 Qc8 30.Na7 Qb7 31.Nab5 Nc7
32.Na4 Nce8 33.Nac3 Qb8 34.Na4 Rh8 35.Be1 Rgh6 36.Bc3 Nc7 37.Bd2 Nxb5 38.cxb5 Bd8
39.Ka2 Bc7 40.Nb2 R8h7 41.Na4 Rg7 42.Nc3 Rhg6 43.Be1 Qg8 44.Bf2 g4 45.hxg4 hxg4
46.Qf1 Nh7 47.Nb1 Nf8 48.Nd2 g3 49.Be1 Rh7 50.Rxh7+ Qxh7 51.Nc4 Kg8 52.Nb2 Rh6
53.Bc3 Rh2 54.Qd1 Qe7 55.Bc4 Ng6 56.Bf1 Qe8 57.Qd3 Nh4 58.Be1 Bxb5 59.Qxb5 Qxb5
60.Bxb5 Rxg2 61.Rf1 Rh2 62.Bxg3 fxg3 63.Rg1 Rg2 64.Rf1 Rd2 65.Rg1 g2 66.Kb1 Nxf3
67.Kc1 Nxg1  0-1

[Event "16th Metropolitan IM"]
[Site "Los Angeles USA"]
[Date "2012.02.25"]
[Round "6"]
[White "Kretchetov,A"]
[Black "Remlinger,L"]
[Result "1/2-1/2"]
[WhiteElo "2347"]
[BlackElo "2402"]

1.Nf3 Nf6 2.c4 g6 3.Nc3 Bg7 4.e4 d6 5.d4 O-O 6.Be2 e5 7.Be3 exd4 8.Nxd4 Re8
9.f3 c6 10.Bf2 a6 11.O-O b5 12.a3 Bb7 13.Qd2 Nbd7 14.Rfd1 Ne5 15.Nc2 Bf8
16.cxb5 axb5 17.Rac1 Nfd7 18.f4 Nc4 19.Bxc4 bxc4 20.Ne3 Nc5 21.Rc2 Ba6 22.Ng4 Nb3
23.Qe3 f5 24.Ne5 Qc8 25.Nf3 fxe4 26.Nd4 d5 27.Nxd5 Nxd4 28.Nf6+ Kf7 29.Qxd4 e3
30.Bh4 e2 31.Re1 Qf5 32.Nxe8 Rxe8 33.Qa7+ Kg8 34.Qxa6 Qxc2 35.Qxc6 Qe4 36.Qxe4 Rxe4
37.Bf2 Bg7 38.Rb1 Rxf4 39.Be3 Rf5 40.a4 Bxb2 41.Re1 Ra5 42.Rxe2 c3 43.Rc2 Rxa4
44.Kf2 Kf7 45.Ke2 Ke6 46.Kd3 Kd5 47.Rf2 Ra1 48.Rf7 Rd1+ 49.Ke2 Rh1 50.Rxh7 c2
51.Rb7 c1=Q 52.Bxc1 Bxc1 53.Rb1 Ke4 54.h3 Rg1 55.Rb4+ Kf5 56.Rb5+ Kf6 57.Kf2 Rd1
58.Kf3 Rd3+ 59.Kg4 Rd4+ 60.Kg3 Bf4+ 61.Kf3 Bd6 62.Rb6 Kg5 63.Ke3 Rd5 64.Rc6 Bf4+
65.Kf3 Rd3+ 66.Kf2 Bg3+ 67.Ke2 Ra3 68.Rc5+ Kf4 69.Rc4+ Kf5 70.Rb4 g5 71.Rc4 Bh4
72.Rg4 Ra2+ 73.Kf3 Ra3+ 74.Ke2 Rg3 75.Rxg3 Bxg3 76.Kf3 Bd6 77.g4+ Ke5 78.h4  1/2-1/2

[Event "ch-POL 2012"]
[Site "Warsaw POL"]
[Date "2012.02.26"]
[Round "9"]
[White "Macieja,B"]
[Black "Socko,B"]
[Result "1-0"]
[WhiteElo "2617"]
[BlackElo "2636"]

1.Nf3 Nf6 2.c4 g6 3.Nc3 Bg7 4.e4 d6 5.d4 O-O 6.Be2 e5 7.Be3 c6 8.d5 Ng4 9.Bg5 f6
10.Bh4 Nh6 11.Nd2 Qd7 12.f3 f5 13.b4 Nf7 14.Nb3 Bh6 15.Qd3 Na6 16.a3 c5 17.bxc5 Nxc5
18.Nxc5 dxc5 19.a4 Nd6 20.a5 Qc7 21.O-O Bd7 22.Be7 Rf7 23.Bxd6 Qxd6 24.Rfb1 Rb8
25.Bd1 Qf6 26.Ba4 Bc8 27.d6 Be6 28.d7 Rd8 29.Rxb7 Qh4 30.g3 Qh5 31.Rf1 Qh3
32.Rxa7 f4 33.g4 Bxg4 34.a6 Bg5 35.Rb7 Bh4 36.a7 Rff8 37.Nd5 Bg3 38.Rb2 Bh4
39.Nb6 Kg7 40.Bc6  1-0

[Event "TCh-AUT 2 Mitte 2011-12"]
[Site "St. Veit AUT"]
[Date "2012.03.02"]
[Round "7"]
[White "Danner,G"]
[Black "Salihovic,A"]
[Result "1/2-1/2"]
[WhiteElo "2408"]
[BlackElo "2195"]

1.d4 Nf6 2.Nf3 g6 3.c4 Bg7 4.Nc3 O-O 5.e4 d6 6.Be2 Na6 7.O-O e5 8.d5 Nc5
9.Qc2 a5 10.Bg5 h6 11.Be3 b6 12.Nd2 Bg4 13.Bxg4 Nxg4 14.Bxc5 bxc5 15.a4 Qd7
16.Nf3 h5 17.Ra3 Qe7 18.h3 Nf6 19.g3 Nh7 20.Nb5 Qd7 21.Kg2 f5 22.exf5 gxf5
23.Nh4 Rae8 24.Qd1 Qf7 25.Qd2 Ra8 26.Re1 Bf6 27.Nxf5 Qg6 28.Qc2 Kh8 29.Nxc7 Rab8
30.Nb5 Be7 31.Nfd4 Qh6 32.Ne6 Rf7 33.Rae3 Nf6 34.Rf3 e4 35.Rf4 Rg8 36.Re3 h4
37.Qc3 Kh7 38.Rexe4 hxg3 39.fxg3 Nxe4 40.Rxf7+ Kg6 41.Qd3 Kxf7 42.Qxe4 Qd2+
43.Kf3 Qd1+ 44.Kf2 Qd2+ 45.Kf3 Qd1+ 46.Kf2 Qd2+ 47.Kf3  1/2-1/2

[Event "European Ind w 2012"]
[Site "Gaziantep TUR"]
[Date "2012.03.03"]
[Round "2"]
[White "Vojinovic,J"]
[Black "Paehtz,E"]
[Result "1-0"]
[WhiteElo "2356"]
[BlackElo "2459"]

1.d4 d6 2.Nf3 g6 3.c4 Bg7 4.Nc3 Nf6 5.e4 O-O 6.Be2 e5 7.O-O Nbd7 8.Qc2 c6
9.d5 Nh5 10.dxc6 bxc6 11.Rd1 Nc5 12.Be3 Qe7 13.Qd2 Nb7 14.Rac1 f5 15.exf5 gxf5
16.Bg5 Nf6 17.b4 Qe6 18.Ne1 Kh8 19.a4 Bd7 20.a5 a6 21.f3 Rg8 22.Na4 Be8 23.Nb6 Ra7
24.Kh1 Nh5 25.Bf1 Bf8 26.Ra1 f4 27.Bh4 Bg7 28.Ra3 Bf6 29.Bxf6+ Nxf6 30.Qf2 c5
31.Nd5 Nh5 32.Nc7 Qe7 33.Nxe8 Rxe8 34.b5 axb5 35.cxb5 Rxa5 36.Rxa5 Nxa5 37.Qd2 Ng3+
38.hxg3 fxg3 39.Qh6 Nb7 40.Bd3 Rf8 41.Kg1 Rf6 42.Qg5 d5 43.Bf1 d4 44.Ra1 Nd8
45.Ra6 Ne6 46.Qxe5 Qg7 47.Rxe6 Rxe6 48.Qxe6 Qg5 49.Bd3 c4 50.Bxc4 d3 51.Qe8+ Kg7
52.Qg8+  1-0

[Event "2nd HD Bank Cup 2012"]
[Site "Ho Chi Minh City VIE"]
[Date "2012.03.03"]
[Round "3.35"]
[White "Nguyen Huynh Tuan Hai"]
[Black "Tran Tuan Minh"]
[Result "0-1"]
[WhiteElo "1790"]
[BlackElo "2249"]

1.d4 Nf6 2.Nf3 g6 3.c4 Bg7 4.Nc3 d6 5.e4 O-O 6.Be2 e5 7.dxe5 dxe5 8.Bg5 c6
9.O-O Qe7 10.Qc1 Re8 11.a3 Na6 12.b4 Nc7 13.Bh6 Bh8 14.c5 Ne6 15.Bc4 Ng4
16.Bd2 Nd4 17.Ne1 Be6 18.Ba2 Rad8 19.h3 Nf6 20.Kh2 Nh5 21.Bg5 Bf6 22.Bxf6 Qxf6
23.Qe3 Rd7 24.Bxe6 Qxe6 25.Rd1 Red8 26.Nf3 f6 27.g4 Ng7 28.Ng1 Qc4 29.Nb1 Nge6
30.Qd3 Qxd3 31.Rxd3 Nf4 32.Re3 Nde6 33.Ne2 Rd3 34.Nc1 Rd1 35.Ree1 Rxe1 36.Rxe1 Ng5
37.Kg3 Nfxh3 38.Nb3 Rd3+ 39.Re3 Nxe4+ 40.Kg2 Nhxf2 41.Rxd3 Nxd3 42.Na5 Kf7
43.Nxb7 Ke6 44.Kf3 f5 45.Ke3 Nf4 46.gxf5+ gxf5 47.a4 Nd5+  0-1